Score 0/18 Timer 02:00
0 Plays Today
Novel Missing Word % Correct
A _________ CarolChristmas
96.9%
______ TwistOliver
96.6%
A Tale of Two ______Cities
94.3%
_____ CopperfieldDavid
92.5%
_____ ExpectationsGreat
91.3%
Our Mutual _______Friend
51.2%
Nicholas ________Nickleby
50.6%
The ________ PapersPickwick
47.9%
Bleak _____House
46.3%
Novel Missing Word % Correct
____ TimesHard
36.2%
The Old ________ ShopCuriosity
34.9%
______ ChuzzlewitMartin
25.4%
Little _____Dorrit
25.3%
The _______ of Edwin DroodMystery
22.9%
Dombey and ___Son
18%
_______ RudgeBarnaby
17.6%
The _______ on the HearthCricket
11.3%
The _______ ManHaunted
2.4%

Today's Daily Dose

Remove Ads.
Support Sporcle.
Get the best of Sporcle when you Go Orange. This ad-free experience offers more features, more stats, and more fun while also helping to support Sporcle. Thank you for becoming a member.

You're not logged in!

Compare scores with friends on all Sporcle quizzes.
OR
Log In

Show Comments

Extras

Top Quizzes Today


Score Distribution

Your Account Isn't Verified!

In order to create a playlist on Sporcle, you need to verify the email address you used during registration. Go to your Sporcle Settings to finish the process.

Report this User

Report this user for behavior that violates our Community Guidelines.

Details: